000 00454 a2200157 4500
005 20250620150757.0
020 _a0-15-518887-9
082 _a330 GWA
100 _aGWARTNEY, J. D.
245 _aEconomics: Private and Public Choice.
250 _a5th Ed.
260 _aHarcourt Brace Jovanovich,
_bNew York,
_c1990.
300 _axxx, 930p.: ill.; graph, figure, table
_bGlossary & Index
_c25cm
700 _aSTROUP, R. L. [...et al...]
942 _2ddc
_cBKS
999 _c396
_d396